000 00364nas a2200157 a 4500
001 60344
003 132372
005 20201118105712.0
008 ||||||n9999 ||| || ||
041 _aspa
245 0 _aSu defensor - No.22
260 _aBogotá :
_bDefensoría del Pueblo,
_c1995.
562 _e1
773 _024542
_aSu defensor :
942 _cSISS
999 _c60344
_d60344